| 000 | 00982cam a2200301 i 4500 | ||
|---|---|---|---|
| 001 | 7300 | ||
| 003 | BD-RjUL | ||
| 005 | 20211208234408.0 | ||
| 008 | 140113s1978 mnu b 001 0 eng | ||
| 035 | _a(BD-RjUL)7343 | ||
| 040 |
_aDLC _cDLC _dBD-RjUL _beng |
||
| 041 | _aeng | ||
| 082 | 0 | 0 |
_a342.73 _219 _bNOH 1978 |
| 100 | 1 |
_aNowak, John E. _922801 |
|
| 245 | 1 | 0 |
_aHandbook on constitutional law / _cJohn E. Nowak, Ronald D. Rotunda, J. Nelson Young. |
| 260 |
_aSt. Paul : _bWest Pub. Co., _cc1978. |
||
| 300 |
_axxxvii, 974 p. ; _c25 cm. |
||
| 500 | _aRev. ed. published as: Constitutional law. 1983. | ||
| 500 | _a"Table of cases": p. 943-965. | ||
| 504 | _aIncludes index. | ||
| 650 | 0 |
_aConstitutional law _zUnited States. _922803 |
|
| 700 | 1 |
_aRotunda, Ronald D., _ejoint author. _922804 |
|
| 700 | 1 |
_aYoung, J. Nelson _q(Jesse Nelson), _d1916- _ejoint author. _922805 |
|
| 942 |
_2ddc _cBK |
||
| 999 |
_c7300 _d7300 |
||